Statistics for Capitals of Flags Letter K

Click here to take the quiz!

General Stats

  • This quiz has been taken 38 times
  • The average score is 5 of 6

Answer Stats

Answer% Correct
Kuwait City
93%
Astana
86%
Nairobi
86%
Pristina
86%
Bishkek
79%
Tarawa
50%

Score Distribution

Percentile by Number Answered

Percent of People with Each Score

Your Score History

You have not taken this quiz